আট কুঠুরি নয় দরজা /

Dades bibliogràfiques
Autor principal: মজুমদার, সমরেশ
Format: Llibre
Idioma:Bengali
Publicat: ঢাকা : বাঁধন পাবলিকেশন্স, ২০১৭
Matèries:
Classic Catalogue: View this record in Classic Catalogue
LEADER 01335nam a22002777a 4500
001 34820
003 BD-DhAAL
005 20250807143544.0
008 190721t2017 bg ||||| |||| 00| 0 ben d
020 |a 9789849091209 
040 |a BD-DhAAL  |c BD-DhAAL 
082 0 4 |a 891.44371   |2 23 
100 1 |a মজুমদার, সমরেশ  |9 21676 
245 1 0 |a আট কুঠুরি নয় দরজা /  |c সমরেশ মজুমদার 
246 |a Aatkuthuri nai darja 
260 |a ঢাকা :  |b বাঁধন পাবলিকেশন্স,   |c ২০১৭ 
300 |a ২৩১ পৃষ্ঠা ;  |c ২২ সে. মি. 
526 |a Residential Campus GenEd (Residential Campus) 
541 |a Development Book Agency  |e 34820, 40695 
650 |a Bengali fiction.  |9 21677 
650 |a Bengali literature. 
852 |a Savar Campus Library  |c General Stacks 
942 |2 ddc  |c BK 
999 |c 40905  |d 40905 
952 |0 0  |1 0  |2 ddc  |4 0  |6 891_443710000000000_MAJ  |7 0  |9 65667  |a SCL  |b SCL  |c GEN  |d 2019-07-17  |e Development Book Agency  |g 360.00  |l 14  |m 23  |o 891.44371 MAJ  |p 3020034820  |r 2025-11-02  |s 2025-10-12  |t 1  |v 360.00  |w 2019-07-17  |y BK 
952 |0 0  |1 0  |2 ddc  |4 0  |6 891_443710000000000_MAJ  |7 0  |9 72781  |a SCL  |b SCL  |c GEN  |d 2023-01-05  |e Development Book Agency  |g 360.00  |l 7  |m 16  |o 891.44371 MAJ  |p 3020040695  |r 2026-02-22  |s 2026-02-08  |t 2  |v 360.00  |w 2023-01-05  |y BK